| 000 | 00550cam a2200145 a 4500 | ||
|---|---|---|---|
| 020 | _a929059134X | ||
| 050 | 0 | 0 |
_aS494.5.A45 _bC665 2000 |
| 100 | 1 |
_aCooper, P. _d1944- |
|
| 245 | 1 | 0 |
_aScaling up the impact of agroforestry research : _breport of the Agroforestry Dissemination Workshop, 14-15 September, 1999, Nairobi, Kenya / _cP.J.M. Cooper, G.L. Denning. |
| 260 |
_aNairobi, Kenya : _bInternational Centre for Research in Agroforestry, _cc2000. |
||
| 300 | _aiii, 43 p. : | ||
| 650 | 0 |
_xResearch _vCongresses. |
|
| 700 | 1 | _aDenning, G. L. | |
| 942 | _cGEN | ||
| 999 |
_c1363 _d1363 |
||